America's Next Top Model Photoshoots Quiz Stats

 Plays Quiz not verified by Sporcle

Also try: Episodic Actors
Challenge
Share
Tweet
Embed
Score 0/20 Timer 05:00
0 Plays Today
% Correct
with diamond jewelry and a live tarantula
84%
high school stereotypes
82.6%
as men with male models in drag
79.2%
with an live elephant
76.9%
in a meat packing plant, with sides of beef
75.3%
homicide victims in crime scene photos
75.2%
romance novel covers, a la Harlequin Romance
74.6%
as homeless people, alongside actual homeless teens
74.4%
different astrological signs
74.3%
representing different natural disasters
73.6%
% Correct
as another race
73.4%
naked covered with different candies
72.3%
as Michael Jackson
72%
in a giant Greek salad
71.9%
fairy tales
71%
as sideshow freaks
70.1%
ancient Olympic events
65%
with a live python
60.6%
as Pele, Hawaiian goddess of fire, volcanoes, wind, and lightening
60.1%
in slums, with actual slum children in the background
47.5%

You're not logged in!

Compare scores with friends on all Sporcle quizzes.
Join for Free
OR
Log In

You Might Also Like...

Show Comments

Extras

Top Quizzes Today


Score Distribution

Your Account Isn't Verified!

In order to create a playlist on Sporcle, you need to verify the email address you used during registration. Go to your Sporcle Settings to finish the process.

Report this User

Report this user for behavior that violates our Community Guidelines.

Details: